[Event "10th LCC FIDE Open 2018"]
[Site "London"]
[Date "2018.12.12"]
[Round "4"]
[White "Mihailidou, Magdalini"]
[Black "Stoyanov, Viktor"]
[Result "0-1"]
[WhiteElo "1754"]
[BlackElo "2205"]
[Annotator "NA"]
[PlyCount "78"]
[EventDate "2018.12.09"]
[EventType "swiss"]
[EventCountry "ENG"]
[SourceTitle "playchess.com"]
[Source "ChessBase"]
[SourceQuality "1"]
[TimeControl "40/5400+30:1800+30"]

1. e4 {[%emt 0:00:00]} c5 {[%emt 0:02:44]} 2. Nf3 {[%emt 0:00:00]} d6 {[%emt 0:00:03]} 3. d4 {[%emt 0:00:00]} cxd4 {[%emt 0:00:05]} 4. Nxd4 {[%emt 0:00:10]} Nf6 {[%emt 0:00:05]} 5. Nc3 {[%emt 0:00:28]} a6 {[%emt 0:00:04]} 6. Qd3 {[%emt 0:00:08]} Nbd7 {[%emt 0:00:04]} 7. Bg5 {[%emt 0:00:14]} e6 {[%emt 0:00:18]} 8. Be2 {[%emt 0:00:37] B95: Sicilian Najdorf: 6 Bg5 e6, unusual White 7th moves} (8. O-O-O Be7 9. f4 Qc7 10. Be2 b5 11. Bf3 b4 12. e5 dxe5 13. Bxa8 exd4 14. Ne2 h6 15. Bh4 O-O 16. Kb1 e5 17. Qf3 exf4 18. Nxf4 {½-½ (40) Harikrishna,P (2726)-Vachier Lagrave,M (2766) Biel 2014}) 8... b5 {[%emt 0:00:23]} 9. a3 {[%emt 0:00:18]} Bb7 {[%emt 0:00:40]} 10. f4 {[%emt 0:00:10]} Be7 {[%emt 0:02:26]} 11. Bf3 {[%emt 0:00:12]} Qc7 {[%emt 0:00:20]} 12. O-O-O {[%emt 0:00:13]} O-O {[%emt 0:01:34]} 13. g4 {[%emt 0:01:26]} Rfc8 $146 {[%emt 0:04:03]} ({Predecessor:} 13... Rab8 14. Bh4 Ba8 15. g5 Nc5 {1-0 (40) Sax,G (2492)-Antal,T (2286) Kecskemet 2011}) 14. h4 {[%emt 0:03:23]} Rab8 {[%emt 0:04:00]} 15. Rh3 {[%emt 0:06:51]} Ba8 {[%emt 0:02:50]} 16. Bxf6 {[%emt 0:07:17]} Bxf6 {[%emt 0:01:02]} 17. g5 {[%emt 0:00:07]} Be7 {[%emt 0:00:13]} 18. h5 {[%emt 0:01:27]} Nc5 {[%emt 0:14:54]} 19. Qe2 {[%emt 0:01:30]} b4 {[%emt 0:00:53]} 20. axb4 {[%emt 0:00:08]} Rxb4 {[%emt 0:00:10]} 21. g6 {[%emt 0:05:07]} Bf6 {[%emt 0:06:14]} 22. gxh7+ {[%emt 0:01:53]} Kh8 {[%emt 0:00:22]} 23. e5 {[%emt 0:07:04]} dxe5 {[%emt 0:02:20]} 24. fxe5 {[%emt 0:00:22]} Bg5+ {[%emt 0:05:14]} 25. Kb1 {[%emt 0:00:15]} Rcb8 {[%emt 0:00:17]} 26. Nb3 {[%emt 0:01:36]} Nxb3 {[%emt 0:00:28]} 27. cxb3 {[%emt 0:00:07]} Rxb3 {[%emt 0:00:49]} 28. Bxa8 {[%emt 0:00:12]} Rxb2+ {[%emt 0:00:32]} 29. Qxb2 {[%emt 0:00:08]} Rxb2+ {[%emt 0:00:04]} 30. Kxb2 {[%emt 0:00:07]} Qb8+ {[%emt 0:00:07]} 31. Ka1 {[%emt 0:00:51]} Qxa8 {[%emt 0:00:17]} 32. Rd7 $19 {[%emt 0:00:47]} (32. Rhd3 {might work better.}) 32... Qg2 {[%emt 0:01:07]} 33. Rdd3 {[%emt 0:01:49]} Bc1 {[%emt 0:01:01]} 34. Nd1 {[%emt 0:00:43]} Bf4 {[%emt 0:00:10]} 35. Kb1 {[%emt 0:00:47]} Bxe5 {[%emt 0:00:24]} 36. h6 {[%emt 0:00:42]} g5 {[%emt 0:00:48]} 37. Rhf3 {[%emt 0:00:54]} Bf4 {[%emt 0:01:21]} 38. Nc3 {[%emt 0:01:13]} Kxh7 {[%emt 0:00:35]} 39. Ne4 {[%emt 0:00:36]} Kxh6 {[%emt 0:00:27]} 0-1

[Event "10th LCC FIDE Open 2018"]
[Site "London"]
[Date "2018.12.13"]
[Round "5"]
[White "Moussard, Jules"]
[Black "Pert, Richard G"]
[Result "1-0"]
[WhiteElo "2591"]
[BlackElo "2416"]
[Annotator "TA"]
[PlyCount "59"]
[EventDate "2018.12.09"]
[EventType "swiss"]
[EventCountry "ENG"]
[SourceTitle "playchess.com"]
[Source "ChessBase"]
[SourceQuality "1"]

{[%evp 16,59,38,37,45,51,124,124,155,163,280,276,275,269,302,305,279,254,265,248,300,295,283,272,330,229,208,-356,159,-335,621,579,589,467,747,741,1278,1166,1244,1231,1694,1064,1667,1623,5791,5273]} 1. e4 e6 2. d4 d5 3. Nd2 Be7 4. e5 c5 5. c3 Nc6 6. Bd3 {C03: French Tarrasch: Unusual Black 3rd moves} Bd7 7. Ne2 f6 8. f4 Qb6 9. Nf3 {LiveBook: 3 Games} O-O-O $146 ({Predecessor:} 9... Nh6 10. O-O O-O 11. Kh1 cxd4 12. Nexd4 Nxd4 13. Nxd4 Bc5 14. exf6 Bxd4 15. cxd4 Rxf6 {½-½ (44) Pruijssers,R (2502)-Sadler,M (2684) Maastricht 2017}) 10. O-O h6 ({Better is} 10... Nh6 $14) 11. Kh1 $16 g5 12. dxc5 Qc7 (12... Bxc5 $142 13. b4 (13. fxg5 hxg5 14. b4 Be3 $11) 13... Be7) 13. b4 $18 fxe5 {And now ...e4 would win.} 14. b5 (14. fxg5 hxg5 15. Nxg5 e4 $17) 14... e4 15. bxc6 Bxc6 16. Ned4 exf3 17. Rxf3 (17. Nxe6 fxg2+ 18. Kxg2 Qa5 $16) 17... Qd7 18. fxg5 hxg5 {[#]} 19. Nxe6 $1 {[%mdl 512]} g4 (19... Qxe6 20. Bf5 $18) 20. Rf7 (20. Re3 Nf6 $16) 20... g3 {[#]} (20... Qxe6 $2 21. Bf5 $18) 21. Bf5 $4 {[%mdl 8192]} ({Don't blunder} 21. Nxd8 $2 Rxh2+ 22. Kg1 Bxc5+ 23. Kf1 Rh1+ 24. Ke2 Qe8+ 25. Kd2 Rxd1+ 26. Kxd1 Ba4+ 27. Bc2 Kxd8 $19) (21. h3 $1 $18 {was the only winning move.} Rxh3+ 22. gxh3 d4+ 23. Kg1 dxc3 24. Qg4) 21... Rxh2+ $19 22. Kg1 d4 $4 {[%mdl 8192]} (22... Nf6 $19 23. Nd4 {[#]} Rdh8 $3 {[%mdl 512]}) 23. Nf4 $18 {White is clearly winning.} ({Avoid the trap} 23. Nxd8 $2 Rxg2+ 24. Kf1 Rf2+ 25. Kg1 Rxf5 $19) 23... dxc3 24. Qe1 Bxc5+ (24... Qxf5 $142 25. Rxf5 Nh6) 25. Be3 Bxe3+ 26. Qxe3 Qxf5 27. Rxf5 c2 28. Qxg3 Rh7 29. Ne6 Rd1+ 30. Rf1 {Accuracy: White = 80%, Black = 27%.} 1-0

[Event "10th LCC FIDE Open 2018"]
[Site "London"]
[Date "2018.12.13"]
[Round "5"]
[White "Istratescu, Andrei"]
[Black "Mihajlov, Sebastian"]
[Result "1/2-1/2"]
[WhiteElo "2564"]
[BlackElo "2358"]
[Annotator "TA"]
[PlyCount "84"]
[EventDate "2018.12.09"]
[EventType "swiss"]
[EventCountry "ENG"]
[SourceTitle "playchess.com"]
[Source "ChessBase"]
[SourceQuality "1"]

{[%evp 30,84,24,25,38,27,43,47,59,58,45,51,73,44,74,64,70,49,82,54,52,43,52,18,16,16,19,16,16,0,6,2,6,0,0,0,0,0,22,0,0,0,0,0,0,0,0,0,0,0,0,0,0,0,0,0,0]} 1. d4 d5 2. c4 c6 3. Nf3 Nf6 4. Nc3 dxc4 5. a4 Bf5 6. Ne5 Nbd7 7. Nxc4 Qc7 8. g3 e5 9. dxe5 Nxe5 10. Bf4 Nfd7 11. Bg2 g5 {D17: Slav Defence: 5 a4 Bf5: Lines with 6 Nh4 and 6 Ne5} 12. Nxe5 gxf4 13. Nxd7 O-O-O 14. Qd4 Qxd7 15. Qxf4 Bd6 16. Qc1 {LiveBook: 21 Games} Kb8 17. O-O h5 18. h4 Qe6 19. a5 {[#]} a6 $146 20. Ra4 Qe5 21. Ne4 Bxe4 22. Rxe4 Qxa5 23. Re3 Rhe8 24. Rxe8 (24. Rd1 {feels hotter.} Rxe3 25. Qxe3 Qb5 26. b3 Kc7 27. Qf3) 24... Rxe8 25. Qc4 (25. Qc2 {keeps more tension.} Qc5 26. Qd3 Re6 27. e3 Rf6 28. Rd1) 25... Qc5 26. Qxc5 (26. Qd3 {looks sharper.} Re6 27. e3 Rf6 28. Rd1 Kc7 29. Bh3) 26... Bxc5 $14 {[%mdl 4096] Endgame KRB-KRB. The position is equal.} 27. e3 Re5 28. Rd1 Kc7 29. Bf1 a5 30. Bc4 Re7 31. b3 b5 32. Be2 Re5 33. Kf1 Be7 34. Rc1 Kb6 35. Bf3 Bc5 36. Ke2 a4 37. bxa4 bxa4 38. Rb1+ Kc7 39. Kd3 Rf5 40. Ke2 Re5 41. Kd3 Rf5 42. Ke2 Re5 {Precision: White = 58%, Black = 52%.} 1/2-1/2

[Event "10th LCC FIDE Open 2018"]
[Site "London"]
[Date "2018.12.13"]
[Round "5"]
[White "Hillarp Persson, Tiger"]
[Black "D`Costa, Lorin A R"]
[Result "1/2-1/2"]
[WhiteElo "2546"]
[BlackElo "2390"]
[Annotator "TA"]
[PlyCount "72"]
[EventDate "2018.12.09"]
[EventType "swiss"]
[EventCountry "ENG"]
[SourceTitle "playchess.com"]
[Source "ChessBase"]
[SourceQuality "1"]

{[%evp 17,72,21,23,-6,-8,-20,0,-8,20,0,0,-3,0,0,0,0,0,0,0,-12,-6,-32,-16,-29,-32,-64,-52,-91,-46,-78,-68,-72,-70,-67,-54,-66,-68,-76,-85,-97,-39,-91,-65,-66,-104,-155,-125,-240,-94,-249,-226,-212,0,-220,0,-202,0]} 1. Nf3 Nf6 2. c4 e6 3. g3 b6 4. Bg2 Bb7 5. O-O c5 6. Nc3 a6 7. d3 Be7 8. e4 d6 9. b3 O-O {LiveBook: 39 Games} 10. Ng5 $146 {A17: English Opening: 1...Nf6 with ...Bb4} ({Predecessor:} 10. Bb2 Qc7 11. Rc1 Re8 12. Re1 Nbd7 13. Nd2 Ne5 14. Nf1 Rad8 15. Ne3 Nc6 16. Nc2 Qb8 17. d4 cxd4 18. Nxd4 {½-½ (43) Heimann,A (2582)-Kurmann,O (2467) Bad Ragaz 2018}) 10... Nc6 11. f4 h6 12. Nh3 {The position is equal.} Nh7 13. Be3 Bf6 14. Rc1 {[%cal Ba1c1,Bc1c2,Bc2f2][%mdl 32]} Bd4 15. Bxd4 Nxd4 16. Ne2 e5 17. Nxd4 cxd4 18. Rc2 Qe7 19. Rcf2 Bc8 20. f5 b5 21. Kh1 Bd7 22. Qh5 f6 23. Ng1 bxc4 24. bxc4 Rfb8 25. Qd1 Rb4 26. h4 Rab8 27. Bf3 Ba4 28. Qc1 Be8 (28... Nf8 $17 29. Bh5 Nd7) 29. Bd1 (29. Rg2 $15) 29... a5 {[%cal Ba6a5,Ba5a4][%mdl 32]} 30. Qd2 a4 31. a3 (31. Kg2 $142) 31... Rb1 $17 32. Qa5 {[#]} (32. Qa2 $17 {was necessary.}) 32... Qd8 (32... Ra1 $1 $19 33. Bc2 Rxa3 34. Qd5+ Bf7) 33. Qd5+ $2 (33. Qxd8 $17 Rxd8 34. Bc2) 33... Bf7 34. Qc6 Be8 35. Qd5+ $1 Bf7 36. Qc6 {[#]} Be8 $2 {Accuracy: White = 16%, Black = 52%.} (36... Nf8 $1 $19 37. Qxa4 Nd7) 1/2-1/2

[Event "10th LCC FIDE Open 2018"]
[Site "London"]
[Date "2018.12.13"]
[Round "5"]
[White "Debashis, Das"]
[Black "Keetman, Maaike"]
[Result "1-0"]
[WhiteElo "2544"]
[BlackElo "2173"]
[Annotator "TA"]
[PlyCount "87"]
[EventDate "2018.12.09"]
[EventType "swiss"]
[EventCountry "ENG"]
[SourceTitle "playchess.com"]
[Source "ChessBase"]
[SourceQuality "1"]

{[%evp 27,86,37,32,30,29,43,35,19,32,17,9,12,32,-3,29,25,68,59,61,47,51,50,56,74,97,93,114,112,118,115,164,39,278,280,297,297,296,295,283,287,288,274,407,383,435,430,429,445,452,450,446,442,435,427,29989,29990,29997,29998,29998,29999,29999]} 1. Nf3 Nf6 2. c4 c5 3. Nc3 Nc6 4. g3 g6 5. Bg2 Bg7 6. O-O O-O 7. d4 d6 8. d5 Na5 9. Nd2 a6 10. Qc2 b5 11. cxb5 {E66: King's Indian: Fianchetto: 6...c5 7 0-0 Nc6 8 d5} axb5 12. Nxb5 Qb6 13. Nc3 Bf5 14. e4 (14. Qd1 Rfb8 15. h3 Qa6 16. b3 c4 17. Bb2 Qc8 18. Kh2 Ra7 {0-1 (49) Ivanchuk,V (2753)-Giri,A (2734) Leon 2013}) 14... Bc8 {LiveBook: 14 Games} 15. Rb1 Ba6 16. Rd1 Ng4 $146 {...Bd4 is the strong threat.} ({Predecessor:} 16... Rfb8 17. b3 Qb4 18. a3 Qb7 {1-0 (40) Yeoh,L (2432)-De Seroux,C (2069) Melbourne 2016}) 17. Nf3 Nc4 18. h3 Nge5 19. Nxe5 Nxe5 20. b3 Rfc8 21. Na4 $36 {[%mdl 2048] White has the initiative.} Qa7 22. Be3 Qc7 23. Kh2 Rab8 24. f4 Nd7 25. Rdc1 Qa5 26. Bd2 $1 {[%cal Rd2a5]} Qb5 27. Nb2 $1 Qe2 28. Re1 $1 {[%cal Re1e2]} Qf2 29. Qc1 ({White must play} 29. Nd1 $18 Qd4 30. Re3) 29... Qd4 $2 {[#]} (29... c4 $1 $14 30. Be3 {[%mdl 64] Trapped Piece} cxb3 31. Bxf2 Rxc1 32. Rbxc1 bxa2) 30. e5 $1 $18 {[%mdl 512]} dxe5 {[#]} 31. Bc3 $1 {[%cal Rc3d4]} Qf2 {Threatening ...exf4.} 32. Nd1 Qxa2 33. Ra1 Qxb3 34. Rxa6 exf4 (34... Bh6 $142 35. Bxe5 Nxe5) 35. Qxf4 Bxc3 36. Rxe7 {[%mdl 64] Double Attack} Rf8 37. Nxc3 Qxc3 38. Rxd7 Rb2 39. Raa7 {[%cal Rd7f7]} Qc2 {[%csl Gb2][%cal Rc2g2]} 40. Qf3 Rb3 {[#]} (40... Qf5 $18 41. Qxf5 gxf5) 41. Rxf7 $1 {[%csl Gf3][%cal Rf7f8][%mdl 512] White mates.} Rxf3 42. Rg7+ Kh8 43. Rxh7+ Kg8 44. Rag7# {Accuracy: White = 72%, Black = 49%.} 1-0

[Event "10th LCC FIDE Open 2018"]
[Site "London"]
[Date "2018.12.13"]
[Round "5"]
[White "Hector, Jonny"]
[Black "Bradbury, Neil H"]
[Result "1/2-1/2"]
[WhiteElo "2501"]
[BlackElo "2336"]
[Annotator "TA"]
[PlyCount "115"]
[EventDate "2018.12.09"]
[EventType "swiss"]
[EventCountry "ENG"]
[SourceTitle "playchess.com"]
[Source "ChessBase"]
[SourceQuality "1"]

{[%evp 18,115,18,-2,21,6,62,62,58,64,60,44,66,77,95,78,100,0,14,0,40,17,22,18,83,77,87,0,0,-161,-172,-122,-97,-88,-83,-85,-67,-59,-25,-18,-20,-16,-18,-24,0,-1,-6,-37,-25,-31,-12,-12,-16,-12,-14,-35,-41,-48,-6,-58,-21,-15,-22,-102,-102,-102,-102,-102,-102,-102,-84,-84,-84,-84,-84,-102,-102,-102,-102,-102,-102,-102,-102,-102,-102,-102,-102,-102,-102,-102,-53,-53,-53,-53,-8,-8,-8,-8,-8,-8]} 1. e4 c5 2. Nf3 e6 3. d4 cxd4 4. Nxd4 Nc6 5. Nc3 Qc7 6. f4 a6 7. Nxc6 bxc6 8. Bd3 d5 9. O-O Nf6 10. Qe2 {LiveBook: 97 Games} Bc5+ {B46: Sicilian: Taimanov: 5 Nc3 a6} (10... Be7 11. Bd2 O-O 12. Rae1 Re8 13. Kh1 Bf8 14. e5 Nd7 15. Na4 g6 16. c4 Nc5 17. Nxc5 Bxc5 18. Rc1 {1-0 (44) Sutovsky,E (2673)-Pichot,A (2552) Caleta 2018}) 11. Kh1 Bb7 (11... O-O $11) 12. Na4 $14 Be7 {White is slightly better.} 13. e5 Nd7 14. c4 d4 $146 ({Predecessor:} 14... g6 15. Bd2 d4 16. Rae1 c5 17. b3 Qc6 18. Qg4 h5 19. Qh3 {½-½ (40) Hermansson,E (2454)-Skovgaard,P (2230) Obro 2006}) 15. f5 Qxe5 16. Qc2 g5 17. c5 (17. Bd2 $16) 17... Nxc5 $11 {[#] And now ...Bd6 would win.} 18. Nxc5 Qxc5 (18... Bd6 {looks sharper.} 19. Bf4 Qxc5 20. Bxd6 Qxd6 21. fxe6 fxe6 22. Rae1 Rf8) 19. Qe2 Bc8 20. Bd2 h6 (20... Qd6 $11 {keeps the balance.}) 21. Rac1 Qd6 {[#]} 22. f6 (22. fxe6 $1 $16 Bxe6 23. b3) 22... Bd8 23. Rxc6 $2 (23. Qf3 $11 {and White is okay.}) 23... Qxc6 $19 24. Be4 Qb5 25. Qxb5+ axb5 26. Bxa8 Bd7 27. Be4 O-O 28. h4 gxh4 29. Bxh6 Re8 30. Bg5 Bc7 31. Bxh4 Be5 32. Re1 Bf4 33. Kg1 Rc8 34. Kf2 Be3+ 35. Kf3 Bc6 36. Bxc6 Rxc6 $11 {[%mdl 4096] Endgame KRB-KRB} 37. Bg3 $1 Bc1 38. b3 ({White should play} 38. Re5 $11) 38... Rc2 39. Be5 d3 {[%cal Bd4d3,Bd3d2][%mdl 32]} 40. a4 (40. Rh1 $11) 40... d2 $17 41. Rd1 bxa4 42. bxa4 Ra2 43. Bf4 Rxa4 44. Bxd2 Bxd2 45. Rxd2 {KR-KR} Kh7 46. Rd7 Kg6 47. Rb7 Kxf6 48. g4 Kg6 49. Re7 Ra1 50. Rb7 Ra3+ 51. Kg2 f6 52. Rb8 Kg5 53. Rg8+ Kf4 {Threatens to win with ...Rg3+.} 54. Rg6 $1 Ra2+ 55. Kh3 f5 56. gxf5 {The position is equal.} exf5 57. Rf6 Re2 58. Rf8 {Accuracy: White = 66%, Black = 65%.} 1/2-1/2

[Event "10th LCC FIDE Open 2018"]
[Site "London"]
[Date "2018.12.13"]
[Round "5"]
[White "Gormally, Daniel W"]
[Black "Ronka, Erik"]
[Result "1-0"]
[WhiteElo "2478"]
[BlackElo "2281"]
[Annotator "TA"]
[PlyCount "55"]
[EventDate "2018.12.09"]
[EventType "swiss"]
[EventCountry "ENG"]
[SourceTitle "playchess.com"]
[Source "ChessBase"]
[SourceQuality "1"]

{[%evp 25,55,13,25,27,25,19,24,21,43,42,233,218,232,225,220,189,231,238,352,306,711,714,835,847,842,832,828,822,810,803,29988,29983]} 1. d4 d5 2. c4 c6 3. Nf3 Nf6 4. Nc3 e6 5. Bg5 dxc4 6. e4 {[%cal Be2e4,Be4e5][%mdl 32]} b5 7. e5 h6 8. Bh4 g5 9. Bg3 Nd5 10. Nd2 Bb7 {D44: Semi-Slav: Botvinnik System} 11. Be2 Qb6 12. a4 a5 13. O-O Nd7 {LiveBook: 3 Games} 14. Rc1 {[#]} Nf4 $146 ({Predecessor:} 14... Be7 15. Nde4 Nxc3 16. Nxc3 b4 17. Ne4 h5 18. Bxh5 c5 19. dxc5 Nxc5 {1-0 (34) Fier,A (2644)-Harikrishna,P (2673) Montcada 2009}) 15. Bxf4 gxf4 16. Nf3 Rg8 17. Qd2 b4 $2 {[#]} (17... c5 $1 $14) 18. Ne4 $18 c5 19. dxc5 Bxc5 20. Rxc4 {[%cal Bc1c4,Bc4e4,Be4d4,Bd4d7][%mdl 32]} ({Don't do} 20. Qxf4 $6 c3) 20... Bxe4 21. Rxe4 Qc6 (21... O-O-O $142) 22. Qxf4 Qxa4 $2 (22... O-O-O 23. Rc1 Kb8) 23. Nd4 Bxd4 24. Rxd4 Rg5 {[#]} 25. b3 $1 {[%mdl 512]} Qc6 (25... Qxb3 26. Rxd7) 26. Bf3 {[%mdl 64] Skewer} Qc8 27. Rc1 Qa6 28. Rxd7 {Accuracy: White = 100%, Black = 21%.} 1-0

[Event "10th LCC FIDE Open 2018"]
[Site "London"]
[Date "2018.12.13"]
[Round "5"]
[White "Gumularz, Szymon"]
[Black "Gschnitzer, Adrian"]
[Result "1-0"]
[WhiteElo "2462"]
[BlackElo "2374"]
[Annotator "TA"]
[PlyCount "85"]
[EventDate "2018.12.09"]
[EventType "swiss"]
[EventCountry "ENG"]
[SourceTitle "playchess.com"]
[Source "ChessBase"]
[SourceQuality "1"]

{[%evp 22,85,20,12,14,28,26,0,0,0,0,-1,51,44,81,32,331,0,0,0,0,-1,469,427,966,969,957,935,1107,1081,1110,1110,1045,1023,1109,1108,1085,1088,1062,1075,1065,1070,1068,1065,1025,1008,944,917,1158,1154,1138,1089,4033,4012,4132,4132,29974,29975,29972,29975,29985,29986,29985,29987,29987,29986]} 1. c4 Nf6 2. g3 c5 3. Bg2 Nc6 4. Nf3 d5 5. cxd5 Nxd5 6. Nc3 Nc7 7. O-O e5 8. Ne1 Bd7 9. Nd3 Bd6 {A34: Symmetrical English: 2 Nc3, lines with ...d5} 10. Ne4 Qe7 11. b3 O-O 12. Bb2 {LiveBook: 4 Games} Rae8 (12... Rad8 13. Rc1 Ne6 14. f4 exf4 15. gxf4 Bc7 16. e3 b6 17. f5 {½-½ (38) Ramirez Alvarez,A (2572)-Aghasaryan,R (2532) Saint Louis 2018}) 13. Rc1 b6 14. f4 exf4 $146 ({Predecessor:} 14... f6 15. Nxd6 Qxd6 16. fxe5 fxe5 17. Rxf8+ Kxf8 {1-0 (51) Kauko,J (2282)-Koykka,P (2176) Finland 2010}) 15. gxf4 Nb5 16. e3 Bb8 (16... f6 $11) 17. Qh5 $14 {aiming for Ng5.} Nd6 18. Ndf2 {[%cal Bd3f2,Bf2h3,Bh3g5][%mdl 32]} Nb4 $2 {[%mdl 8192] [#]} ({Black should play} 18... f6 $14) 19. Kh1 $2 ({Stronger than} 19. Ng5 h6 $11) (19. Nf6+ $1 $18 {[%mdl 512]} gxf6 20. Ng4 Bxg4 21. Qxg4+ Kh8 22. Qh4 (22. Qg5 $2 Ne4 $19)) 19... Nxe4 $11 20. Bxe4 {[%csl Ge4][%cal Rh5h7]} f5 21. Bf3 $40 {[%mdl 128] And now a3 would win. White is up to no good.} Nxa2 $2 {[%mdl 8192] [#]} (21... Rd8 $1 $11 {and Black stays safe.}) 22. Rg1 $1 $18 {Black must now prevent Bd5+.} Rf7 (22... Nxc1 $142 23. Bd5+ Kh8 24. Rxg7 Qxg7 25. Bxg7+ Kxg7) 23. Nh3 Nxc1 24. Ng5 h6 25. Nxf7 ({Less strong is} 25. Qxf7+ Qxf7 26. Nxf7 Kxf7 $16) 25... Qxf7 26. Rxg7+ Qxg7 27. Bd5+ Re6 28. Bxe6+ Bxe6 29. Qe8+ Kh7 30. Bxg7 Bd5+ 31. Kg1 Kxg7 32. Qxb8 Bf7 33. Qxa7 Nxb3 34. Qxb6 c4 35. Qd6 Nc1 36. Qe5+ Kg6 37. e4 fxe4 38. f5+ Kh7 39. Qf6 {White mates.} Kg8 40. Qxh6 Ne2+ 41. Kf2 Nd4 42. Qg5+ Kh7 43. Qf6 {Precision: White = 80%, Black = 25%.} 1-0

[Event "10th LCC FIDE Open 2018"]
[Site "London"]
[Date "2018.12.13"]
[Round "5"]
[White "Flear, Glenn C"]
[Black "Megalios, Konstantinos"]
[Result "0-1"]
[WhiteElo "2451"]
[BlackElo "2365"]
[Annotator "TA"]
[PlyCount "60"]
[EventDate "2018.12.09"]
[EventType "swiss"]
[EventCountry "ENG"]
[SourceTitle "playchess.com"]
[Source "ChessBase"]
[SourceQuality "1"]

{[%evp 15,60,-4,0,-17,-11,-33,0,0,12,0,23,16,16,-9,0,0,0,0,0,-39,0,0,0,0,45,40,28,-42,-53,-175,-118,-252,-193,-187,-183,-487,-241,-919,-955,-29996,-962,-857,0,-29996,-29997,-29997,-29998]} 1. d4 Nf6 2. c4 e6 3. Nc3 Bb4 4. e3 O-O 5. Nge2 c6 (5... Re8 6. a3 Bf8 7. d5 d6 8. g3 exd5 9. cxd5 c5 10. Bg2 Nbd7 11. O-O c4 12. Nd4 Nc5 13. Qe2 Nd3 14. b3 Nxc1 15. Rfxc1 cxb3 {½-½ (74) Caruana,F (2822)-So,W (2780) Saint Louis 2018}) 6. a3 {E46: Nimzo-Indian: Rubinstein: 4 e3 0-0 5 Ne2 without early Bd3} Ba5 7. Qc2 d5 8. Ng3 Nbd7 {LiveBook: 59 Games} 9. b4 Bc7 10. Bb2 dxc4 $146 ({Predecessor:} 10... a5 11. b5 e5 12. Rd1 exd4 13. Rxd4 {1-0 (42) Rodshtein,M (2638)-Zontakh,A (2521) Legnica 2013}) 11. Bxc4 e5 12. O-O-O Qe8 13. Bb3 a5 14. Nb5 Bb8 15. dxe5 cxb5 16. exf6 Nxf6 17. bxa5 Bg4 {aiming for ...Bxg3.} 18. f3 Be5 {Threatens to win with ...Rc8.} 19. Kb1 Be6 {[%cal Bg4e6,Be6b3,Bb3d1][%mdl 32]} 20. Bxe5 Bxb3 21. Qb2 (21. Qxb3 $11 Qxe5 22. Rd3) 21... Bxd1 $15 22. Bxf6 (22. Rxd1 $15 Rd8 23. Bd4) 22... Qd7 ({Much less strong is} 22... gxf6 23. Ne4 $15) ({Black should try} 22... Qxe3 $19 23. Rxd1 gxf6) 23. Bxg7 (23. Bd4 $17 Ba4 24. Bxg7) 23... Qd3+ 24. Ka1 {[#] Black must now prevent Ne4.} Rfc8 $1 {[%mdl 1024] Black has strong compensation.} 25. Nh5 $2 (25. Nf5 {nothing else works.} Qxf5 26. Rxd1) 25... Ra6 ({Less strong is} 25... Rc2 26. Nf6+ Kxg7 27. Nh5+ Kf8 28. Qh8+ Ke7 29. Qf6+ Ke8 30. Ng7+ Kd7 31. Qxf7+ Kc8 32. Qf8+ Kd7 33. Qf7+ Kc8 34. Qf8+ Kc7 35. Qf4+ Kc6 36. Qf6+ Qd6 37. Qxd6+ Kxd6 38. Rxd1+ Kc5 39. Ne6+ Kc4 40. Nf4 $17) (25... Rxa5 $142 26. Nf6+ Kxg7 27. Nh5+ {[%mdl 64] Discovered Attack (Double check)} Kf8 28. Qb4+ {[%mdl 64] Double Attack} Ke8 29. Nf6+ Kd8 30. Qxa5+ Ke7 31. Qb4+ Kxf6 32. Qd4+ Qxd4+ 33. exd4 Ba4) 26. Bd4 $2 (26. Nf4 Qxe3 27. Rxd1 Qxf4 28. Bc3) 26... Rc2 $19 27. Qb4 Rc4 (27... Rc1+ $142 28. Ka2 Qc2+ {[%mdl 64] Double Attack} 29. Qb2 Qc4+ 30. Qb3 Qxb3#) 28. Qb2 Rc2 {[#]} (28... Rac6 $19 29. Bc5 f6) 29. Qb4 $1 Rc1+ 30. Ka2 Qc2+ {[%mdl 64] Double Attack. Accuracy: White = 29%, Black = 52%.} 0-1

[Event "10th LCC FIDE Open 2018"]
[Site "London"]
[Date "2018.12.13"]
[Round "5"]
[White "Elsness, Frode"]
[Black "Van Zyl-Rudd, Jack"]
[Result "1-0"]
[WhiteElo "2447"]
[BlackElo "2306"]
[Annotator "TA"]
[PlyCount "89"]
[EventDate "2018.12.09"]
[EventType "swiss"]
[EventCountry "ENG"]
[SourceTitle "playchess.com"]
[Source "ChessBase"]
[SourceQuality "1"]

{[%evp 22,89,21,30,54,43,42,41,83,88,82,33,33,33,31,24,56,46,54,15,66,73,62,57,66,52,26,25,159,156,164,166,183,187,201,175,227,220,225,214,240,224,363,347,383,391,360,368,380,363,344,296,282,283,336,327,395,395,420,416,409,408,725,721,756,741,1060,865,673,656]} 1. c4 e6 2. Nf3 d5 3. g3 Nf6 {[%cal Bg8f6,Bf6d5,Bd5b4,Bb4d3][%mdl 32]} 4. Bg2 Be7 5. d4 O-O 6. O-O dxc4 7. Qc2 b6 {E05: Open Catalan: 5 Nf3 Be7} 8. Bg5 Nd5 9. Bxe7 Qxe7 10. e4 Nb4 11. Qc3 c5 12. a3 {LiveBook: 3 Games} Nd3 $146 ({Predecessor:} 12... N4c6 13. d5 Na5 14. Nbd2 Ba6 15. Ne5 {½-½ (31) Gelfand,B (2737)-Hammer,J (2632) Heraklio 2017}) 13. Nbd2 $1 {[%cal Rd2c4]} cxd4 14. Nxd4 Bb7 15. Nxc4 Nc5 16. Qe3 Nc6 17. Nxc6 Bxc6 18. b4 Nd7 19. Rfc1 Rac8 20. Qd4 {[#] And now Nd6 would win.} (20. Qf4 $5 {[%cal Rc4d6]}) 20... Ba8 (20... Rfd8 $11) 21. Nd6 $14 Rxc1+ 22. Rxc1 {Black must now prevent Rc7.} Nf6 23. f3 $36 {[%mdl 2048] White has good play.} Rd8 24. Rc8 {Hoping for Nf5.} Rxc8 (24... Qf8 $11 {keeps the balance.} 25. Rxd8 Qxd8) 25. Nxc8 $16 Qc7 {[#]} 26. Nxa7 $1 {[%mdl 512]} h5 (26... Qxa7 27. Qd8+) 27. Nb5 Qc1+ 28. Bf1 Bc6 (28... h4 {might work better.} 29. Qxb6 (29. Qd8+ Kh7 $16) 29... hxg3 30. hxg3 Bc6) 29. Qc3 $18 ({Resist} 29. Qxb6 $6 Bxb5 30. Qb8+ (30. Qxb5 Qxa3 31. e5 Nh7 $16) 30... Be8 $14) 29... Qxc3 30. Nxc3 {[%mdl 4096] Endgame KBN-KBN} g5 31. Kf2 g4 (31... Nd7 {was worth a try.} 32. a4 Kf8) 32. e5 Nd7 33. f4 f6 34. exf6 Kf7 35. Ke3 Kxf6 36. Ne4+ Ke7 37. Kd4 Nf8 38. Bc4 Ng6 39. Bb3 h4 40. Bd1 hxg3 41. hxg3 Bxe4 (41... Nf8 $142 42. Bxg4 Nd7) 42. Kxe4 {White is clearly winning.} Kf6 43. Bxg4 e5 44. fxe5+ Nxe5 45. Be2 {Precision: White = 80%, Black = 35%.} 1-0